00698nam a2200241 a 4500001001300000003000900013005001700022008004100039020001000080082001700090100002200107245003200129260005100161300000900212500003500221505001500256650001500271700002200286902000800308942000700316952011800323999001500441nice12345678IN_TiNIC20260116012406.0050524s0000 boma grp 000 0 urd  ac10000a297.86bKAM2 aKamaluddin, Khaja aIslam Mein Koi Firqa Naheen aBombaybDarul Ishaat Kutub Khana Islamiac0000 a112p aincludes index and biblioraphy2 aAppendices aAhmadiyyah1 aKamaluddin, Khaja bSRS cBK 001040708StackRoom-aHMIbHMId2007-07-02g100.00l0o297.86 KAM2p014816r2007-07-02v100.00w2005-05-24yBK c6836d6836